000 00908nam a2200289Ia 4500
003 OSt
005 20220928130942.0
006 a|||||r|||| 00| 0
007 ta
008 220927b |||||||| |||| 00| 0 eng d
020 _cUKP 190.00
024 _a140957
037 _b30, 15/03/2019, Eastern Media
_cTextual
040 _aSDCL
_cSDCL
_beng
041 _2eng
_aeng
082 _aX:8Ng, Q6
100 _aEtang Jacquie L. Ed.
_9476689
245 0 _aRoutledge handbook of critical public relations
260 _aLondon
_bRoutledge
_c2016
300 _axxiii,422p.
_ccm.
650 _aI I C
700 _a Mckie David Ed.
_9476690
700 _a Snow Nancy Ed.
_9476691
700 _a Xifra Jordi Ed.
_9476692
942 _hX:8Ng, Q6
_cTEXL
_2CC
999 _c789168
_d789168